header

Unrequited love and gay Latino culture (Record no. 187849)

MARC details
000 -LEADER
fixed length control field 01332nam a2200337Ia 4500
100 1# - MAIN ENTRY--AUTHOR NAME
Personal name Contreras, Daniel.
245 10 - TITLE STATEMENT
Title Unrequited love and gay Latino culture
260 ## - PUBLICATION, DISTRIBUTION, ETC. (IMPRINT)
Place of publication New York :
Name of publisher Palgrave Macmillan,
Year of publication 2005.
300 ## - PHYSICAL DESCRIPTION
Number of Pages 146 p.
650 #0 - SUBJECT ADDED ENTRY--TOPICAL TERM
Topical Term Popular culture
Topical Term Arts, American
Topical Term Love in literature.
Topical Term Suffering in literature.
856 40 - ELECTRONIC LOCATION AND ACCESS
Uniform Resource Identifier http://site.ebrary.com/lib/rucke/Doc?id=10135463

No items available.

© 2026 Rongo University
Contact us: librarian | system librarian | Rongo university